000 00197nam a2200085Ia 4500
008 250605s9999 xx 000 0 und d
041 _aeng
100 _aAman Pandey
245 _aJay digital services LLP
999 _c45626
_d45626